000 00525nam a2200169Ia 4500
003 GCL
008 140319s9999 xx 000 0 ara d
040 _aGCL /
_cGCL
082 0 4 _a240
_bع ف
100 1 _aعبدالرحمن بن حسن ال الشيخ
245 1 0 _aفتح المجيد شرح كتاب التوحيد /
_cعبدالرحمن بن حسن ال الشيخ
260 _a[S.N] :
_bدار احياء الكتب العربية
300 _a528 ص
490 _a
650 0 4 _aالتوحيد
942 _2ddc
_cBK
999 _c54360
_d54360